[Event "Montpellier op 4th"]
[Site "Montpellier"]
[Date "2009.??.??"]
[Round "2"]
[White "Solanes, Lionel"]
[Black "Decroix, Paloan"]
[Result "0-1"]
[WhiteElo "1820"]
[BlackElo "2103"]
[PlyCount "102"]
[EventDate "2009.12.26"]
[EventType "swiss"]
[EventRounds "9"]
[EventCountry "FRA"]
[SourceTitle "CBM 134 Extra"]
[Source "ChessBase"]
[SourceDate "2010.03.03"]
[SourceVersion "1"]
[SourceVersionDate "2010.03.03"]
[SourceQuality "1"]

1. e4 c6 2. Nc3 d5 3. Nf3 d4 4. Ne2 c5 5. c3 Nc6 6. cxd4 cxd4 7. Qa4 Bd7 8. Nexd4 a6 9. Be2 g6 10. d3 Bg7 11. Nxc6 Bxc6 12. Qb3 Nf6 13. Ne5 Qa5+ 14. Qc3 Qxc3+ 15. bxc3 Nxe4 16. dxe4 Bxe5 17. Bb2 Bxe4 18. 0-0 Bf6 19. f3 Bc6 20. Rac1 0-0 21. f4 Rfd8 22. Rfd1 Ba4 23. Rd3 Rxd3 24. Bxd3 Rd8 25. Be4 Rd2 26. Ba1 b6 27. c4 Bxa1 28. Rxa1 Rd4 29. Bb7 Rxc4 30. Bxa6 Rxf4 31. Rb1 Rf6 32. Rb4 Bc2 33. Rc4 Bf5 34. Rc7 Kf8 35. Rb7 Be4 36. Rb8+ Kg7 37. Re8 Re6 38. g3 Kf6 39. Bc4 Rc6 40. Bb3 e6 41. Kf2 h5 42. Ke3 Ke5 43. h4 Rd6 44. Bc4 Rc6 45. Bb3 f5 46. Kd2 Bd5 47. Rg8 Bxb3 48. axb3 Kf6 49. Kd3 e5 50. b4 Rd6+ 51. Kc3 Rd4 0-1